Valjutnyj rynok v SSSR: stanovlenije, regulirovanije, razvitije.
Možnosti obehu zahraničnej meny na vnútornom peňažnom trhu ZSSR. Faktory dopytu po zahraničnej mene. Začiatky formovania devízového trhu v ZSSR v 80. rokoch. Štátna regulácia v devízovej oblasti. Lokálne devízové trhy. Väzby medzi budovaním devízových trhov a devízovým kurzom rubľa.
Gespeichert in:
| 1. Verfasser: | |
|---|---|
| Format: | Buchkapitel |
| Sprache: | Russisch |
| Schlagworte: | |
| Tags: |
Keine Tags, Fügen Sie das erste Tag hinzu!
|
MARC
| LEADER | 00000naa a2200000 4500 | ||
|---|---|---|---|
| 001 | r002885 | ||
| 005 | 20220819193106.4 | ||
| 041 | 0 | |a rus | |
| 044 | |a [SU] | ||
| 245 | 1 | 0 | |a Valjutnyj rynok v SSSR: stanovlenije, regulirovanije, razvitije. |c Je.Je. Rasskazov |
| 520 | |a Možnosti obehu zahraničnej meny na vnútornom peňažnom trhu ZSSR. Faktory dopytu po zahraničnej mene. Začiatky formovania devízového trhu v ZSSR v 80. rokoch. Štátna regulácia v devízovej oblasti. Lokálne devízové trhy. Väzby medzi budovaním devízových trhov a devízovým kurzom rubľa. | ||
| 610 | 2 | 0 | |a trh devízový |
| 610 | 2 | 0 | |a trh peňažný |
| 610 | 2 | 0 | |a ZSSR |
| 610 | 2 | 0 | |a regulácia |
| 610 | 2 | 0 | |a štát |
| 610 | 2 | 0 | |a kurz menový |
| 610 | 2 | 0 | |a rubeľ |
| 100 | 1 | |a Rasskazov, Je.Je. | |